000 00381pab a2200121 454500
008 180718b xxu||||| |||| 00| 0 eng d
100 _aLee Julie Anne
245 _aWomen and enterprise bargaining: the CORSET of the 1990s
362 _a53(2), Jun 1994, p.189-200
650 _aWomen -- Employment -- Australia
773 _aAustralian Journal of Public Administration
909 _a27687
999 _c27687
_d27687